00656nam a22001697a 450000500170000001000130001702000260003003500110005603700130006708200100008010000250009024501360011524600950025126000520034627000650039830000230046320201221125312.0 aUR-10976 c400.00a9789389733785 aU-9531 bDBAD/PUB a921.8 qسميہ تمکيں  aفصيح ا لنسا ں ، سيد جعفر ا ميرر ضو ی (حيا ت ا و ر ا د بی خد ما ت ) cسميہ تمکيں  bFaseeh-Ul-Lisan Syed Jafar Ameer Rizvi ( Hayat-o-Adabi Khidmat) (Urdu)aby Sumayya Tamkeen aN.Delhi bEducational Publishing Housec2020 ء aD-1/16 Ansari Road,Darya Ganj,bN.Delhie110002k45678285l- a195 ص c22 Cm(Hb)